000 00696nam a2200205Ii 4500
003 JO-AjNU
008 230605s9999||||xx |||||||||||||| ||und||
040 _aJO-AjNU
_bara
_erda
_cJO-AjNU
041 _aara
050 1 4 _aHD7371.5 2018
100 3 _aباهمام، علي بن سالم,
_eauthor
_957883
245 0 0 _aالإسكان
250 _aط1
264 3 1 _aالسعودية:دار دكة، 2018
300 _a177ص
_bيشتمل على مراجع باللغة العربية والانجليزية
336 _atext
_btxt
_2rdacontent
337 _aunmediated
_bn
_2rdamedia
338 _avolume
_bnc
_2rdacarrier
650 4 _aالاسكان - السعودية - العمارة
_957884
999 _aA25965
_c29533
_d29533